| 000 | 00610nam a22001817i 4500 | ||
|---|---|---|---|
| 999 |
_c23229 _d23229 |
||
| 003 | AR-CdUCM | ||
| 008 | 250225b20212021 pe||||| |||| 00| 0 spa d | ||
| 040 |
_aMUNICIPALIDAD PROVINCIAL DEL CUSCO _cBIBLIOTECA MUNICIPAL DEL CUSCO |
||
| 041 | _hspa | ||
| 082 |
_aPI / 869.56 / G36 _bG36 |
||
| 100 |
_aAnónimo / _917814 |
||
| 245 |
_aHéroes de la Biblia : _bBiblia para niños / |
||
| 260 |
_bCIBAcottbell-editores _c2021 |
||
| 300 |
_a12 páginas. : _c23x24 cm. |
||
| 505 | _aJosé el soñador -- Vendido por sus hermanos -- José gobernados de todo Egipto | ||
| 942 |
_2ddc _cLIBROS |
||
| 945 |
_apbjr _d26-02-2025 |
||